00349nam a2200145Ia 4500008004100000020001500041041000800056082001600064100001900080245004200099250000600141260003700147300000800184650001100192210716s1994 xx 000 0 und d a0373484224 aeng a808.83 ROBN aRoberts, Nora. aStanislaki brothers mikhail and alex. a1 aNew YorkbSilhouette booksc1994 a442 aNovels